[Event "LSS No Engine Cup 27 Preliminary 3"]
[Site "LSS email"]
[Date "2010.08.30"]
[Round "?"]
[White "Dante, Romanazzi"]
[Black "Guaimare Rodriguez, Carlos Luis"]
[Result "0-1"]
[WhiteElo "697"]
[BlackElo "1264"]
[PlyCount "90"]
[EventDate "2010.08.31"]
[EventType "tourn (corr)"]
[EventRounds "6"]
[EventCountry "GER"]
[SourceTitle "Telechess CBM 145"]
[Source "Chessbase"]
[SourceDate "2011.11.11"]
[SourceVersion "1"]
[SourceVersionDate "2011.11.11"]
[SourceQuality "1"]

1. d4 Nf6 2. Nc3 d5 3. Bg5 Bf5 4. Bxf6 gxf6 5. e3 e6 6. a3 c5 7. f3 Nc6 8. Bb5 Bh6 9. Bxc6+ bxc6 10. f4 Rb8 11. Na4 Qa5+ 12. c3 cxd4 13. exd4 Bxf4 14. g3 Be4 15. gxf4 Bxh1 16. b4 Qc7 17. Nc5 Qxf4 18. Qd2 Qxd2+ 19. Kxd2 Ke7 20. Ne2 Bf3 21. Ng3 e5 22. Rf1 Bg4 23. Na6 Rbg8 24. dxe5 fxe5 25. Nc5 h5 26. Nd3 f6 27. Nc5 Rf8 28. a4 e4 29. Ke3 Bh3 30. Rf2 Rhg8 31. Nb3 f5 32. Nxh5 Rg1 33. Ng3 Rg2 34. Nd4 Rxf2 35. Kxf2 f4 36. Nge2 Bd7 37. Ng1 Rh8 38. Kg2 f3+ 39. Ndxf3 exf3+ 40. Nxf3 Bh3+ 41. Kg3 Bf1 42. h4 Kd6 43. Kf4 Be2 44. Ng5 Rxh4+ 45. Ke3 Bd1 0-1

[Event "LSS No Engine Cup 27 Preliminary 3"]
[Site "LSS email"]
[Date "2010.08.30"]
[Round "?"]
[White "Plummer, Martin"]
[Black "Dante, Romanazzi"]
[Result "1-0"]
[WhiteElo "1048"]
[BlackElo "697"]
[PlyCount "77"]
[EventDate "2010.08.31"]
[EventType "tourn (corr)"]
[EventRounds "6"]
[EventCountry "GER"]
[SourceTitle "Telechess CBM 145"]
[Source "Chessbase"]
[SourceDate "2011.11.11"]
[SourceVersion "1"]
[SourceVersionDate "2011.11.11"]
[SourceQuality "1"]

1. e4 e5 2. Nf3 d6 3. Bc4 c6 4. Nc3 h6 5. 0-0 Bg4 6. h3 Bh5 7. d3 a5 8. a3 Qf6 9. g4 Bg6 10. g5 Qe7 11. Kh2 hxg5 12. Bxg5 Qd7 13. Ng1 b5 14. Bb3 f6 15. Be3 d5 16. exd5 a4 17. Ba2 c5 18. Qf3 Bd6 19. Ne4 Bxe4 20. dxe4 Na6 21. Qg3 0-0-0 22. Rae1 g5 23. f3 b4 24. axb4 cxb4 25. Qg4 Nh6 26. Qxd7+ Rxd7 27. Rc1 Kb7 28. Kg2 Ng8 29. c4 b3 30. Bb1 Bc5 31. Bxc5 Nxc5 32. Ne2 Ne7 33. Rfd1 Ng6 34. Bd3 Nh4+ 35. Kg3 Rf7 36. Nc3 Ng6 37. Ra1 Rfh7 38. Nxa4 Rxh3+ 39. Kf2 1-0

[Event "ZN-2010-0-01137"]
[Site "LSS email"]
[Date "2010.08.27"]
[Round "?"]
[White "Dante, Romanazzi"]
[Black "Svidersky, Andrej"]
[Result "0-1"]
[WhiteElo "710"]
[BlackElo "1284"]
[PlyCount "72"]
[EventDate "2010.08.25"]
[EventType "match (corr)"]
[EventRounds "2"]
[EventCountry "GER"]
[SourceTitle "Telechess CBM 143"]
[Source "ChessBase"]
[SourceDate "2011.07.15"]
[SourceVersion "1"]
[SourceVersionDate "2011.07.15"]
[SourceQuality "1"]

1. d4 Nf6 2. Nc3 d5 3. Bg5 Nbd7 4. e3 g6 5. Bxf6 Nxf6 6. f3 Bg7 7. Bd3 0-0 8. Nge2 Qd6 9. 0-0 c5 10. Ng3 a6 11. a3 Bh6 12. f4 cxd4 13. exd4 Bxf4 14. Qe2 Ng4 15. Rxf4 Qxf4 16. Rf1 Qxd4+ 17. Kh1 Be6 18. Rd1 Nf2+ 19. Kg1 Nxd1+ 20. Kf1 Nxb2 21. Nd1 Qf4+ 22. Qf2 Qc1 23. Qe2 Nxd1 24. Kg1 Ne3+ 25. Nf1 Nxf1 26. Qxf1 Qxf1+ 27. Kxf1 Rfc8 28. g3 Bd7 29. Ke2 e5 30. Kd2 e4 31. Be2 d4 32. Bd1 Rc3 33. g4 Rxa3 34. g5 e3+ 35. Ke2 Bb5+ 36. Kf3 e2+ 0-1

[Event "LSS No Engine Cup 21 Preliminary 2"]
[Site "LSS email"]
[Date "2010.05.03"]
[Round "?"]
[White "Dante, Romanazzi"]
[Black "Jenneborg, Seved"]
[Result "0-1"]
[WhiteElo "697"]
[BlackElo "1719"]
[PlyCount "70"]
[EventDate "2010.05.04"]
[EventType "tourn (corr)"]
[EventRounds "6"]
[EventCountry "GER"]
[SourceTitle "Telechess CBM 147"]
[Source "ChessBase"]
[SourceDate "2012.03.16"]
[SourceVersion "1"]
[SourceVersionDate "2012.03.16"]
[SourceQuality "1"]

1. d4 d5 2. e3 e6 3. a3 c5 4. c3 Nf6 5. f3 Bd6 6. Bb5+ Bd7 7. Bxd7+ Nbxd7 8. Ne2 Qc7 9. 0-0 Bxh2+ 10. Kf2 Bd6 11. Nd2 0-0 12. f4 Ng4+ 13. Kf3 Nh2+ 14. Kf2 Nxf1 15. Qxf1 Nf6 16. Ke1 Qc6 17. Nf3 Qa6 18. Ne5 Bxe5 19. fxe5 Ne4 20. Nf4 Qxf1+ 21. Kxf1 c4 22. Ke2 Rac8 23. g4 Rc6 24. Bd2 f6 25. exf6 Rxf6 26. Rg1 g5 27. Nh5 Rf2+ 28. Kd1 Rxd2+ 29. Kc1 Rf2 30. Kb1 Rb6 31. Nf6+ Nxf6 32. b4 cxb3 33. Rg3 Ne4 34. Rh3 Nxc3+ 35. Ka1 b2# 0-1

[Event "OP-2010-0-01140"]
[Site "LSS email"]
[Date "2010.04.21"]
[Round "?"]
[White "Dante, Romanazzi"]
[Black "Foley, Jeffrey"]
[Result "0-1"]
[WhiteElo "697"]
[BlackElo "891"]
[PlyCount "30"]
[EventDate "2010.04.14"]
[EventType "tourn (corr)"]
[EventRounds "4"]
[EventCountry "GER"]
[SourceTitle "Corr 2015"]
[Source "ChessBase"]
[SourceDate "2015.07.17"]
[SourceVersion "1"]
[SourceVersionDate "2015.07.17"]
[SourceQuality "1"]

1. d4 Nf6 2. Nc3 d5 3. e3 Nbd7 4. f3 e5 5. Bd3 Bb4 6. Bd2 e4 7. fxe4 dxe4 8. Be2 0-0 9. h3 Nb6 10. a3 Bd6 11. Bf1 Bg3+ 12. Ke2 Be6 13. Be1 Bc4+ 14. Kd2 Qxd4+ 15. exd4 Bf4# 0-1

[Event "LSS RF-2010-0-00047"]
[Site "LSS email"]
[Date "2010.04.20"]
[Round "?"]
[White "Dante, Romanazzi"]
[Black "Babos, Istvan"]
[Result "0-1"]
[WhiteElo "752"]
[BlackElo "1024"]
[PlyCount "48"]
[EventDate "2010.03.16"]
[EventType "tourn (corr)"]
[EventRounds "6"]
[EventCountry "GER"]
[SourceTitle "Telechess CBM 141"]
[Source "ChessBase"]
[SourceDate "2011.03.17"]
[SourceVersion "1"]
[SourceVersionDate "2011.03.17"]
[SourceQuality "1"]

1. d4 d5 2. e3 Nf6 3. Nc3 Nc6 4. Bb5 g6 5. Bxc6+ bxc6 6. Nge2 Bg7 7. 0-0 0-0 8. f4 Qd6 9. Ng3 Ba6 10. Rf2 h5 11. f5 Rab8 12. fxg6 fxg6 13. Na4 Ne4 14. Nxe4 dxe4 15. Rxf8+ Rxf8 16. Nc5 Rf1+ 17. Qxf1 Bxf1 18. Kxf1 Qxh2 19. Kf2 Bf6 20. Nxe4 Bh4+ 21. Ke2 Qxg2+ 22. Kd3 Qf1+ 23. Kd2 Be1+ 24. Kd1 Bb4# 0-1

[Event "LSS SN-2010-0-00242"]
[Site "LSS email"]
[Date "2010.04.20"]
[Round "?"]
[White "Dante, Romanazzi"]
[Black "Bester, Kazimierz"]
[Result "0-1"]
[WhiteElo "697"]
[BlackElo "719"]
[PlyCount "102"]
[EventDate "2010.04.10"]
[EventType "tourn (corr)"]
[EventRounds "6"]
[EventCountry "GER"]
[SourceTitle "Telechess CBM 147"]
[Source "ChessBase"]
[SourceDate "2012.03.16"]
[SourceVersion "1"]
[SourceVersionDate "2012.03.16"]
[SourceQuality "1"]

1. d4 Nf6 2. Nc3 d5 3. e3 e6 4. a3 Be7 5. Bd2 0-0 6. Bd3 b6 7. Nge2 c5 8. Ng3 c4 9. Be2 Bd7 10. 0-0 a6 11. f4 b5 12. Bf3 Nc6 13. Be1 Rb8 14. Nh1 g6 15. Bh4 a5 16. Bxf6 Bxf6 17. Ne2 a4 18. Nf2 Na5 19. Ng4 Bg7 20. Ng3 f5 21. Ne5 Bc8 22. h4 Qxh4 23. Qe1 Bxe5 24. fxe5 Nc6 25. c3 Na5 26. Nh1 Qh6 27. Nf2 Nb3 28. Rb1 Rb7 29. Nh3 Rbf7 30. Nf4 g5 31. Ne2 g4 32. Bxd5 exd5 33. Ng3 Be6 34. Rf4 Qg5 35. Kf2 h5 36. Nh1 h4 37. g3 hxg3+ 38. Nxg3 Rh7 39. Ke2 Rh3 40. Qf2 Rf7 41. Rh1 Rfh7 42. Rxh3 Rxh3 43. Kf1 Nc1 44. Qg2 Nd3 45. Ne2 Rxe3 46. Rf2 Nxf2 47. Kxf2 Rf3+ 48. Ke1 Qe3 49. Kd1 Qd3+ 50. Ke1 Qb1+ 51. Kd2 Rd3# 0-1

[Event "LSS SN-2010-0-00242"]
[Site "LSS email"]
[Date "2010.04.20"]
[Round "?"]
[White "Vontina, Maria"]
[Black "Dante, Romanazzi"]
[Result "0-1"]
[WhiteElo "639"]
[BlackElo "697"]
[PlyCount "80"]
[EventDate "2010.04.10"]
[EventType "tourn (corr)"]
[EventRounds "6"]
[EventCountry "GER"]
[SourceTitle "Telechess CBM 147"]
[Source "ChessBase"]
[SourceDate "2012.03.16"]
[SourceVersion "1"]
[SourceVersionDate "2012.03.16"]
[SourceQuality "1"]

1. e4 e5 2. Nf3 d6 3. d4 f6 4. Nc3 Bg4 5. Be2 Bxf3 6. Bxf3 g6 7. 0-0 Bg7 8. Be3 Ne7 9. Qe2 0-0 10. h3 c6 11. Rad1 f5 12. exf5 Nxf5 13. dxe5 Bxe5 14. Bd2 Nd4 15. Qd3 Nd7 16. Bh6 Nxf3+ 17. gxf3 Qh4 18. Bd2 Qxh3 19. f4 Qxd3 20. cxd3 Bg7 21. Kg2 Bxc3 22. bxc3 Nf6 23. Kf3 Nd5 24. Kg3 Rae8 25. Rde1 h5 26. Rxe8 Rxe8 27. Re1 Rxe1 28. Bxe1 Kf7 29. Kf3 Kf6 30. Bd2 Kf5 31. a4 a6 32. a5 Nc7 33. c4 d5 34. Bc3 dxc4 35. dxc4 Ne6 36. Bd2 Nd4+ 37. Ke3 h4 38. f3 Nb3 39. Be1 h3 40. Bg3 Nxa5 0-1

[Event "LSS BI-2010-P-00011"]
[Site "LSS email"]
[Date "2010.04.19"]
[Round "?"]
[White "Dante, Romanazzi"]
[Black "Ciesla, Daniel"]
[Result "0-1"]
[WhiteElo "697"]
[BlackElo "1057"]
[PlyCount "54"]
[EventDate "2010.04.22"]
[EventType "tourn (corr)"]
[EventRounds "10"]
[EventCountry "GER"]
[SourceTitle "Telechess CBM 147"]
[Source "ChessBase"]
[SourceDate "2012.03.16"]
[SourceVersion "1"]
[SourceVersionDate "2012.03.16"]
[SourceQuality "1"]

1. d4 Nf6 2. Nc3 e6 3. a3 c5 4. Bg5 cxd4 5. Qxd4 Nc6 6. Qd1 Be7 7. Bxf6 Bxf6 8. g3 Qa5 9. b4 Bxc3+ 10. Qd2 Bxd2+ 11. Kxd2 Qd5+ 12. Ke1 Qxh1 13. Nf3 d5 14. Rd1 0-0 15. Kd2 Bd7 16. c3 Rad8 17. Bh3 Qxd1+ 18. Kxd1 e5 19. Bxd7 Rxd7 20. h4 e4 21. Nd4 Nxd4 22. cxd4 f5 23. e3 Rc8 24. Kd2 Rdc7 25. a4 Rc2+ 26. Ke1 Rc1+ 27. Kd2 R8c2# 0-1

[Event "LSS BI-2010-P-00011"]
[Site "LSS email"]
[Date "2010.04.19"]
[Round "?"]
[White "Dante, Romanazzi"]
[Black "Lychev, Vassily"]
[Result "0-1"]
[WhiteElo "708"]
[BlackElo "1343"]
[PlyCount "98"]
[EventDate "2010.04.22"]
[EventType "tourn (corr)"]
[EventRounds "10"]
[EventCountry "GER"]
[SourceTitle "Telechess CBM 141"]
[Source "ChessBase"]
[SourceDate "2011.03.17"]
[SourceVersion "1"]
[SourceVersionDate "2011.03.17"]
[SourceQuality "1"]

1. d4 Nf6 2. Nc3 d5 3. e3 g6 4. Bd3 Bg7 5. f3 0-0 6. Nge2 c5 7. Ng3 cxd4 8. exd4 Nc6 9. 0-0 Nxd4 10. Be3 e5 11. Bxd4 exd4 12. Nce2 Bh6 13. Kh1 Qb6 14. Rb1 Re8 15. c3 dxc3 16. Nxc3 Bd7 17. Re1 Rxe1+ 18. Qxe1 Re8 19. Qd1 Kg7 20. Bc2 d4 21. Nce4 Nxe4 22. Bxe4 Be3 23. Nf1 Bg5 24. Ng3 f5 25. Bd3 a6 26. b3 Qd6 27. Nf1 Qb4 28. Bc4 Qc5 29. a4 Bxa4 30. bxa4 Qxc4 31. Rxb7+ Re7 32. Rxe7+ Bxe7 33. g3 Bb4 34. h4 Kh6 35. g4 d3 36. g5+ Kh5 37. f4+ Kxh4 38. Qf3 Qe4 39. Kg2 Bc5 40. Nd2 Qe2+ 41. Qxe2 dxe2 42. Nf3+ Kg4 43. Nh2+ Kxf4 44. Nf3 Ke3 45. Ne1 Be7 46. Nf3 Bxg5 47. Nxg5 e1Q 48. Nxh7 Qe2+ 49. Kg3 f4+ 0-1

[Event "LSS No Engine Cup 19 Preliminary 1"]
[Site "LSS email"]
[Date "2010.03.22"]
[Round "?"]
[White "Dante, Romanazzi"]
[Black "Van Esbroeck, Jeff"]
[Result "1-0"]
[WhiteElo "754"]
[BlackElo "1586"]
[PlyCount "67"]
[EventDate "2010.03.23"]
[EventType "tourn (corr)"]
[EventRounds "6"]
[EventCountry "GER"]
[SourceTitle "Telechess CBM 141"]
[Source "ChessBase"]
[SourceDate "2011.03.17"]
[SourceVersion "1"]
[SourceVersionDate "2011.03.17"]
[SourceQuality "1"]

1. d4 Nf6 2. Nc3 d5 3. Bf4 e6 4. a3 Bd6 5. Bg5 h6 6. Bh4 Nc6 7. e3 0-0 8. Qf3 Be7 9. Bxf6 Bxf6 10. Bd3 Re8 11. h3 e5 12. Bf5 Bxf5 13. Qxf5 exd4 14. Nxd5 Re5 15. Nxf6+ Qxf6 16. Qxf6 gxf6 17. Nf3 Re4 18. Kd2 dxe3+ 19. fxe3 Ne5 20. b3 Re8 21. Rae1 Nxf3+ 22. gxf3 R4e5 23. e4 Rd8+ 24. Ke3 f5 25. Kf4 Rde8 26. Reg1+ Kh7 27. Rg2 fxe4 28. Rhg1 f6 29. Rg7+ Kh8 30. Rxc7 R5e7 31. Rxe7 Rxe7 32. fxe4 Kh7 33. c4 b6 34. Kf5 1-0

[Event "OP-2010-0-01117"]
[Site "LSS email"]
[Date "2010.03.20"]
[Round "?"]
[White "Basson, Heinrich"]
[Black "Dante, Romanazzi"]
[Result "1-0"]
[WhiteElo "1287"]
[BlackElo "697"]
[PlyCount "55"]
[EventDate "2010.03.15"]
[EventType "tourn (corr)"]
[EventRounds "4"]
[EventCountry "GER"]
[SourceTitle "Telechess CBM 147"]
[Source "ChessBase"]
[SourceDate "2012.03.16"]
[SourceVersion "1"]
[SourceVersionDate "2012.03.16"]
[SourceQuality "1"]

1. d4 d5 2. c4 c6 3. Nc3 e6 4. Nf3 Bb4 5. a3 Bxc3+ 6. bxc3 Ne7 7. Bf4 h6 8. e3 Ng6 9. Bg3 0-0 10. Qc2 f5 11. h3 Nd7 12. Be2 Nf6 13. 0-0 Ne4 14. Bh2 Qa5 15. Rfc1 f4 16. Bd3 fxe3 17. fxe3 Nf6 18. Bxg6 Ne4 19. Bxe4 dxe4 20. Ne5 Qd8 21. Qxe4 Bd7 22. Rf1 Rxf1+ 23. Rxf1 Be8 24. Qg4 Qg5 25. Qxe6+ Kh7 26. Rf8 Qxe3+ 27. Kh1 Bd7 28. Qg8# 1-0

[Event "OP-2010-0-01117"]
[Site "LSS email"]
[Date "2010.03.20"]
[Round "?"]
[White "Dante, Romanazzi"]
[Black "Shelykalin, Vjacheslav"]
[Result "0-1"]
[WhiteElo "770"]
[BlackElo "1271"]
[PlyCount "52"]
[EventDate "2010.03.15"]
[EventType "tourn (corr)"]
[EventRounds "4"]
[EventCountry "GER"]
[SourceTitle "Corr 2013"]
[Source "ChessBase"]
[SourceDate "2012.11.12"]
[SourceVersion "1"]
[SourceVersionDate "2012.11.12"]
[SourceQuality "1"]

1. d4 Nf6 2. Nc3 d5 3. e3 e6 4. a3 c5 5. Bb5+ Nbd7 6. Bxd7+ Bxd7 7. Nge2 Bd6 8. 0-0 Qc7 9. Ng3 0-0 10. f4 Rac8 11. h3 a6 12. Nh1 cxd4 13. Qxd4 e5 14. fxe5 Bxe5 15. Qb4 Bh2+ 16. Kf2 Rfe8 17. Qd4 Be5 18. Qd3 Bxc3 19. bxc3 Bb5 20. Qd4 Ne4+ 21. Kg1 Bxf1 22. Kxf1 Qh2 23. Nf2 Ng3+ 24. Ke1 Qg1+ 25. Kd2 Qxf2+ 26. Kd1 Qe2# 0-1

[Event "LSS ZN-2010-0-00965"]
[Site "LSS email"]
[Date "2010.03.20"]
[Round "?"]
[White "Dante, Romanazzi"]
[Black "Urban, Milos"]
[Result "1-0"]
[WhiteElo "765"]
[BlackElo "505"]
[PlyCount "99"]
[EventDate "2010.03.13"]
[EventType "match (corr)"]
[EventRounds "2"]
[EventCountry "GER"]
[SourceTitle "Telechess CBM 141"]
[Source "ChessBase"]
[SourceDate "2011.03.17"]
[SourceVersion "1"]
[SourceVersionDate "2011.03.17"]
[SourceQuality "1"]

1. d4 d5 2. e3 c6 3. Bd3 Nf6 4. Ne2 Bg4 5. f3 Bh5 6. h4 h6 7. g4 Bg6 8. Bxg6 fxg6 9. Nf4 Kf7 10. Bd2 Nbd7 11. c4 dxc4 12. Qc2 Qe8 13. Qxg6+ Kg8 14. Qc2 b5 15. a3 e5 16. Ng6 Rh7 17. h5 Be7 18. dxe5 Nd5 19. e4 Nc7 20. Nc3 Nf8 21. Nxe7+ Qxe7 22. Bf4 Nce6 23. Be3 Nd7 24. f4 Nec5 25. Rd1 Nd3+ 26. Rxd3 cxd3 27. Qxd3 a5 28. Kf2 Rd8 29. Qc2 Nc5 30. Kg2 Nd3 31. Rd1 Qd7 32. f5 b4 33. axb4 axb4 34. Na4 Nf4+ 35. Bxf4 Qxd1 36. Qxd1 Rxd1 37. e6 Kf8 38. Kf2 Ke7 39. Be5 Ra1 40. Nc5 Ra5 41. Bd4 Rb5 42. Ke3 Kd6 43. Nd3 c5 44. Be5+ Ke7 45. Bg3 Rh8 46. Be1 Ra8 47. Bf2 Ra2 48. Kf4 c4 49. Ne5 Rxe5 50. Kxe5 1-0

[Event "LSS RN-2010-0-00260"]
[Site "LSS email"]
[Date "2010.02.12"]
[Round "?"]
[White "Feng, Jason"]
[Black "Dante, Romanazzi"]
[Result "1/2-1/2"]
[WhiteElo "872"]
[BlackElo "754"]
[PlyCount "45"]
[EventDate "2010.01.29"]
[EventType "tourn (corr)"]
[EventRounds "6"]
[EventCountry "GER"]
[SourceTitle "Corr 2013"]
[Source "ChessBase"]
[SourceDate "2012.11.12"]
[SourceVersion "1"]
[SourceVersionDate "2012.11.12"]
[SourceQuality "1"]

1. d4 d5 2. c4 c6 3. Nc3 e6 4. Bf4 Bb4 5. e3 Bxc3+ 6. bxc3 Ne7 7. Bd3 f5 8. Qh5+ g6 9. Qh3 0-0 10. Be5 Nd7 11. Nf3 Qe8 12. Bd6 Rf7 13. Ne5 Nxe5 14. Bxe5 Qf8 15. c5 h6 16. 0-0 Kh7 17. f4 Ng8 18. Rf3 Nf6 19. Bxf6 Rxf6 20. c4 Rf7 21. Raf1 Bd7 22. Qh4 Qe7 23. Qxe7 1/2-1/2

[Event "LSS RN-2010-0-00260"]
[Site "LSS email"]
[Date "2010.02.12"]
[Round "?"]
[White "Jokmin, Guido"]
[Black "Dante, Romanazzi"]
[Result "0-1"]
[WhiteElo "632"]
[BlackElo "754"]
[PlyCount "40"]
[EventDate "2010.01.29"]
[EventType "tourn (corr)"]
[EventRounds "6"]
[EventCountry "GER"]
[SourceTitle "Corr 2013"]
[Source "ChessBase"]
[SourceDate "2012.11.12"]
[SourceVersion "1"]
[SourceVersionDate "2012.11.12"]
[SourceQuality "1"]

1. e4 e5 2. Nf3 d6 3. Bc4 c6 4. d4 f6 5. 0-0 Qe7 6. c3 b5 7. Bb3 a5 8. Be3 Bg4 9. Nbd2 a4 10. Bc2 Qd7 11. dxe5 fxe5 12. a3 Ne7 13. Qe1 Ng6 14. b3 Be7 15. c4 0-0 16. bxa4 bxc4 17. Nxc4 Bxf3 18. gxf3 Qh3 19. Kh1 Qxf3+ 20. Kg1 Nh4 0-1

[Event "IECG CP.2009.P.00012 email"]
[Site "IECG email"]
[Date "2009.10.01"]
[Round "?"]
[White "Dante, Romanazzi"]
[Black "Schneider, Matthias"]
[Result "0-1"]
[WhiteElo "768"]
[BlackElo "1706"]
[PlyCount "50"]
[EventDate "2009.10.01"]
[EventType "tourn (corr)"]
[EventRounds "6"]
[EventCountry "ARG"]
[SourceTitle "Corr 2024"]
[Source "ChessBase"]
[SourceDate "2023.10.19"]
[SourceVersion "1"]
[SourceVersionDate "2023.10.19"]
[SourceQuality "1"]

1. d4 Nf6 2. Nc3 d5 3. e3 g6 4. h3 Bg7 5. Nge2 0-0 6. Ng3 c5 7. Nce2 Nc6 8. Nf4 cxd4 9. exd4 Nxd4 10. Qxd4 e5 11. Qd2 Bh6 12. Qb4 a5 13. Qa4 Bd7 14. Nxd5 Bxa4 15. Nxf6+ Qxf6 16. Bxh6 Rfc8 17. c3 g5 18. Bxg5 Qxg5 19. Bd3 Rd8 20. Be4 Qd2+ 21. Kf1 Qxb2 22. Re1 Qxc3 23. Bxb7 Bb5+ 24. Ne2 Bxe2+ 25. Rxe2 Rd1+ 0-1

[Event "LSS SN-2009-0-00176"]
[Site "LSS email"]
[Date "2009.08.15"]
[Round "?"]
[White "Dante, Romanazzi"]
[Black "Kaupat, Heike"]
[Result "1-0"]
[WhiteElo "768"]
[BlackElo "827"]
[PlyCount "35"]
[EventDate "2009.07.28"]
[EventType "tourn (corr)"]
[EventRounds "6"]
[EventCountry "GER"]
[SourceTitle "Corr 2011"]
[Source "ChessBase"]
[SourceDate "2010.08.31"]
[SourceVersion "1"]
[SourceVersionDate "2010.08.31"]
[SourceQuality "1"]

1. d4 d5 2. e3 Nf6 3. Nc3 Nc6 4. Bb5 Bd7 5. Bxc6 bxc6 6. Nge2 e6 7. a3 Be7 8. 0-0 0-0 9. f4 c5 10. Bd2 cxd4 11. Nxd4 c5 12. Nf3 Qb6 13. b3 a5 14. Kh1 a4 15. bxa4 Bxa4 16. Nxa4 Rxa4 17. c3 Ne4 18. Qxa4 1-0

[Event "LSS SN-2009-0-00176"]
[Site "LSS email"]
[Date "2009.08.15"]
[Round "?"]
[White "Lambert, Derek"]
[Black "Dante, Romanazzi"]
[Result "1/2-1/2"]
[WhiteElo "807"]
[BlackElo "745"]
[PlyCount "63"]
[EventDate "2009.07.28"]
[EventType "tourn (corr)"]
[EventRounds "6"]
[EventCountry "GER"]
[SourceTitle "Telechess CBM 137"]
[Source "ChessBase"]
[SourceDate "2010.07.15"]
[SourceVersion "1"]
[SourceVersionDate "2010.07.15"]
[SourceQuality "1"]

1. Nf3 d5 2. c4 c6 3. d4 e6 4. c5 f5 5. Ne5 Nf6 6. Nc3 Nbd7 7. Nd3 Be7 8. Nf4 Nf8 9. Nd3 Ng6 10. e3 Ne4 11. Qc2 0-0 12. Bd2 Bh4 13. g3 Bg5 14. f4 Bf6 15. 0-0-0 b6 16. Qa4 b5 17. Qa3 a5 18. b4 a4 19. Nb1 Kf7 20. Qb2 Kg8 21. a3 Bd7 22. Re1 Kh8 23. Re2 Be8 24. Be1 Ne7 25. Bg2 Bh5 26. Rc2 h6 27. Nf2 g5 28. Nh3 g4 29. Ng1 Qc7 30. Ne2 Bg6 31. h4 h5 32. Ng1 1/2-1/2

[Event "LSS BI-2009-P-00016"]
[Site "LSS email"]
[Date "2009.04.19"]
[Round "?"]
[White "Dante, Romanazzi"]
[Black "Bearce, Harold L"]
[Result "1-0"]
[WhiteElo "737"]
[BlackElo "1278"]
[PlyCount "55"]
[EventDate "2009.04.20"]
[EventType "tourn (corr)"]
[EventRounds "10"]
[EventCountry "GER"]
[SourceTitle "Corr 2011"]
[Source "ChessBase"]
[SourceDate "2010.08.31"]
[SourceVersion "1"]
[SourceVersionDate "2010.08.31"]
[SourceQuality "1"]

1. d4 d5 2. e3 c5 3. c3 c4 4. f4 Nf6 5. Nd2 Nc6 6. a3 Bf5 7. h3 e6 8. Ngf3 Bd6 9. Be2 h6 10. Ne5 Rc8 11. 0-0 0-0 12. Ndf3 Ne4 13. Qe1 Nb8 14. g4 Bxe5 15. Nd2 Nxd2 16. Qxd2 Bxg4 17. hxg4 Bf6 18. Rf2 Nc6 19. Rg2 a5 20. Bf3 b5 21. Qf2 Qd6 22. g5 hxg5 23. fxg5 Be7 24. e4 dxe4 25. Bxe4 g6 26. Qh4 Kg7 27. Qh6+ Kg8 28. Rh2 1-0

[Event "LSS BI-2009-P-00016"]
[Site "LSS email"]
[Date "2009.04.19"]
[Round "?"]
[White "Loktayev, Vladislav"]
[Black "Dante, Romanazzi"]
[Result "1-0"]
[WhiteElo "1511"]
[BlackElo "772"]
[PlyCount "39"]
[EventDate "2009.04.20"]
[EventType "tourn (corr)"]
[EventRounds "10"]
[EventCountry "GER"]
[SourceTitle "Corr 2011"]
[Source "ChessBase"]
[SourceDate "2010.08.31"]
[SourceVersion "1"]
[SourceVersionDate "2010.08.31"]
[SourceQuality "1"]

1. d4 d5 2. c4 c6 3. Nf3 Bg4 4. Ne5 Bf5 5. Qb3 b6 6. Nc3 f6 7. Nf3 e6 8. Nh4 Bg6 9. Nxg6 hxg6 10. Bf4 g5 11. Bg3 a5 12. e3 Bb4 13. Bd3 Ne7 14. a3 Bxc3+ 15. Qxc3 0-0 16. h4 g4 17. h5 f5 18. h6 g6 19. h7+ Kh8 20. Be5+ 1-0

[Event "LSS BI-2009-P-00016"]
[Site "LSS email"]
[Date "2009.04.19"]
[Round "?"]
[White "Walker, Jeffrey"]
[Black "Dante, Romanazzi"]
[Result "1-0"]
[WhiteElo "1955"]
[BlackElo "737"]
[PlyCount "65"]
[EventDate "2009.04.20"]
[EventType "tourn (corr)"]
[EventRounds "10"]
[EventCountry "GER"]
[SourceTitle "Corr 2011"]
[Source "ChessBase"]
[SourceDate "2010.08.31"]
[SourceVersion "1"]
[SourceVersionDate "2010.08.31"]
[SourceQuality "1"]

1. c4 f5 2. g3 e6 3. Bg2 Nf6 4. Nc3 Bb4 5. Qb3 Na6 6. a3 Bxc3 7. Qxc3 0-0 8. b4 c6 9. Bb2 Nc7 10. Nf3 d6 11. 0-0 h6 12. c5 Nb5 13. Qc2 d5 14. a4 Nc7 15. Be5 Na6 16. Rfb1 Bd7 17. Bd6 Rf7 18. Ne5 Ne8 19. b5 Nac7 20. bxc6 Bxc6 21. Nxf7 Kxf7 22. Bf4 g5 23. Be5 Nf6 24. Ra2 Ne4 25. Rab2 Na6 26. Rxb7+ Bxb7 27. Rxb7+ Kg8 28. Rg7+ Kf8 29. Bxe4 fxe4 30. Qb2 Qc8 31. Bd6+ Ke8 32. Re7+ Kd8 33. Qh8# 1-0